000 00574nam a22002057a 4500
003 BUBTL
008 190828b xxu||||| |||| 00| 0 eng d
020 _a978935145562
082 _a343.730399 / DIF
100 _92382
_aDivan, Madhavi Goradia
245 _aFacts of Media Law /
_cMadhavi Goradia Divan
250 _a2nd ed.
260 _aLucknow :
_bEBC ,
_cc2013
300 _aLXVII,638 p. :
_c23 cm.
650 0 _92102
_aLaw
700 _92383
_aSorabjee, Soli J.
856 _k0
_l0
_yDownload
942 _2ddc
_cBK
999 _c6103
_d6103